000 00612 a2200181 4500
005 20240506110257.0
010 _aENG-140297
020 _a9789389146189
_c500.00
035 _aEN-123829
037 _bDBAD
082 1 4 _a381.141094
100 1 _a Hajerabanu ,M [And ] Paramasivan, C
_965697
245 1 _aConsumer Expolitation In Orgainised Retailing/
_cBy M. Hajirabanu [and] C. Paramasivan
260 _aMadurai nagar
_bShanlax Publications
_c2019
270 _a61,66 T.P.K Main Road Vasantha nagar,
_bTamil Nadu
300 _a230p.
_c22cm(Hb)
942 _adpl
_cEN
_2ddc
_h381.141094
_mHAJ
999 _c202673
_d202673